| 000 | 00537nam a22001817a 4500 | ||
|---|---|---|---|
| 003 | CEME | ||
| 005 | 20210628203350.0 | ||
| 008 | 210121b xxu||||| |||| 00| 0 eng d | ||
| 020 | _a0-471-32848-0 | ||
| 040 | _cceme | ||
| 082 | _a658.155 TUR | ||
| 100 |
_aTurner, Paul S , Wunnicke, Diane B _964997 |
||
| 245 | _aManaging the risks of payment systems | ||
| 260 |
_aNEW YORK _bJOHN WILEY _c2003 |
||
| 300 | _aXIV,234 P | ||
| 650 |
_aELECTRONIC FUNDS TRANSFER, PAYMENT, RISK MANAGEMENT, CORPORATION FINANCE _964998 |
||
| 942 |
_cBK _2ddc |
||
| 999 |
_c573334 _d573334 |
||